00487 2200205 4500001002100000005001500021035001900036245003300055100001100088300003900099260003700138082000700175084001300182020002100195990001300216990001300229990001300242990001300255990001300268INLIS00000000000298420260409084747$a 0010-0426000075$a Keajaiban Big Ben /$c Tim CBM$a Tim CBM$a 88 hlm : $b ilus ; $c 17.5 x 225 cm$a Bandung :$b PT Karya Kita,$c 2007$a 932$a 932 TIM k$a 978-979-9282-61-3$a 2486/2012$a 2487/2012$a 2488/2012$a 2489/2012$a 2490/2012